000 00656nam a22002177a 4500
003 UA-OsUOA
001 88634
007 ta
008 20121010b un ||||| |||| 00| 0 ukr d
100 _aКостюченко О.
090 _a908
_bК72
942 _cSA
040 _aUA-OsUOA
_bukr
_cUA-OsUOA
_dUA-OsUOA
245 _aОстрозька академія святкує своє повноліття. 18 років з моменту відродження та 436 років - з часу заснування
300 _aС.2
955 _a0
041 _aukr
080 _a908
773 0 _w88633
650 7 _a908 Краєзнавство
_2UDC
999 _c374787
_d374787